<?xml version="1.0" encoding="UTF-8"?>
<record
    xmlns:xsi="http://www.w3.org/2001/XMLSchema-instance"
    xsi:schemaLocation="http://www.loc.gov/MARC21/slim http://www.loc.gov/standards/marcxml/schema/MARC21slim.xsd"
    xmlns="http://www.loc.gov/MARC21/slim">

  <leader>01288nam a22002177a 4500</leader>
  <controlfield tag="005">20230817121212.0</controlfield>
  <controlfield tag="008">230811b           ||||| |||| 00| 0 eng d</controlfield>
  <datafield tag="020" ind1=" " ind2=" ">
    <subfield code="a">9789357013567</subfield>
  </datafield>
  <datafield tag="040" ind1=" " ind2=" ">
    <subfield code="c">AL</subfield>
  </datafield>
  <datafield tag="041" ind1=" " ind2=" ">
    <subfield code="a">eng</subfield>
  </datafield>
  <datafield tag="082" ind1=" " ind2=" ">
    <subfield code="2">23</subfield>
    <subfield code="a">540.02</subfield>
    <subfield code="b">GUPN</subfield>
  </datafield>
  <datafield tag="100" ind1=" " ind2=" ">
    <subfield code="a">Preeti Gupta</subfield>
    <subfield code="9">129897</subfield>
  </datafield>
  <datafield tag="245" ind1=" " ind2=" ">
    <subfield code="a">NTA CSIR UGC NET SET JRF and Lecturership Chemical Sciences</subfield>
  </datafield>
  <datafield tag="260" ind1=" " ind2=" ">
    <subfield code="a">New Delhi</subfield>
    <subfield code="b">Arihant Publications</subfield>
    <subfield code="c">2023</subfield>
  </datafield>
  <datafield tag="300" ind1=" " ind2=" ">
    <subfield code="a">1364p.</subfield>
    <subfield code="b">PB</subfield>
    <subfield code="c">27x21.5cm</subfield>
  </datafield>
  <datafield tag="365" ind1=" " ind2=" ">
    <subfield code="2">General</subfield>
    <subfield code="a">3819</subfield>
    <subfield code="b">&#x20B9;792.00</subfield>
    <subfield code="c">&#x20B9;</subfield>
    <subfield code="d">&#x20B9;990.00</subfield>
    <subfield code="e">20%</subfield>
    <subfield code="f">10-08-2023</subfield>
  </datafield>
  <datafield tag="520" ind1=" " ind2=" ">
    <subfield code="a">NTA CSIR UGC NET/SET &#x2013; CHEMICAL SCIENCES&#x201D; has been revised and updated with all the necessary tools &amp; techniques which will assure your success in the exam. This book gives complete syllabus coverage in a chapter-wise manner to grasp the basics of concepts. In each chapter, the theories are complete, exhaustive, and exactly on the lines of exam pattern &amp; difficulty level. Apart from theoretical concepts, a proper focus has been provided to practice part with a sufficient number of MCQs to students. Sample Questions and Previous Years Solved Papers will give you insights into the previous exam pattern as well.</subfield>
  </datafield>
  <datafield tag="650" ind1=" " ind2=" ">
    <subfield code="2">Chemistry</subfield>
    <subfield code="a">Chemical Sciences</subfield>
    <subfield code="9">129898</subfield>
  </datafield>
  <datafield tag="700" ind1=" " ind2=" ">
    <subfield code="a">Tomar, Aditya; Sharma Naveen.</subfield>
    <subfield code="9">129899</subfield>
  </datafield>
  <datafield tag="942" ind1=" " ind2=" ">
    <subfield code="2">ddc</subfield>
    <subfield code="c">BK</subfield>
  </datafield>
  <datafield tag="999" ind1=" " ind2=" ">
    <subfield code="c">228300</subfield>
    <subfield code="d">228300</subfield>
  </datafield>
  <datafield tag="952" ind1=" " ind2=" ">
    <subfield code="0">0</subfield>
    <subfield code="1">0</subfield>
    <subfield code="2">ddc</subfield>
    <subfield code="4">0</subfield>
    <subfield code="7">0</subfield>
    <subfield code="8">GEN</subfield>
    <subfield code="a">SACPG</subfield>
    <subfield code="b">SACPG</subfield>
    <subfield code="d">2023-08-11</subfield>
    <subfield code="e">Biblios Book Point</subfield>
    <subfield code="g">792.00</subfield>
    <subfield code="l">5</subfield>
    <subfield code="o">540.02 GUPN</subfield>
    <subfield code="p">PG024379</subfield>
    <subfield code="r">2025-07-23 13:06:06</subfield>
    <subfield code="s">2025-07-12</subfield>
    <subfield code="v">990.00</subfield>
    <subfield code="w">2023-08-11</subfield>
    <subfield code="y">BK</subfield>
  </datafield>
</record>
